| 000 | 00759cam a22002651 4500 | ||
|---|---|---|---|
| 001 | 3249 | ||
| 003 | BD-RjUL | ||
| 005 | 20211208233712.0 | ||
| 008 | 131218s1963 nyua b 001 0 eng | ||
| 035 | _a(BD-RjUL)3283 | ||
| 040 |
_aDLC _cDLC _dDLC _dBD-RjUL _beng |
||
| 041 | _aeng | ||
| 082 | 0 | 0 |
_a354.51 _bLEL |
| 100 | 1 |
_aLewis, John Wilson, _d1930- _910267 |
|
| 245 | 1 | 0 | _aLeadership in Communist China. |
| 260 |
_aIthaca, N.Y. : _bCornell University Press, _cc1963. |
||
| 300 |
_a305 p. : _billus. ; _c24 cm. |
||
| 504 | _aIncludes bibliography and index | ||
| 610 | 2 | 0 |
_aZhongguo gong chan dang. _910276 |
| 650 | 0 |
_aCommunism _zChina. _910067 |
|
| 942 |
_2ddc _cBK |
||
| 987 |
_aPINYIN _bDLC _c20030626 _dc |
||
| 999 |
_c3249 _d3249 |
||